000 01249nam a2200337 a 4500
001 000035766
003 DO-SdBNP
005 20260331082030.0
007 ta
008 111110s2011 dr 001 e spa d
040 _aDO-SdBNP
_bspa
_cBNPHU
_erda
041 _aspa
049 _aBNPD
082 4 _aRD864.44
_bN964d
_222
100 1 _aNúñez, Manuel,
_d1957-
_eautor
_4aut.
_92366
245 1 4 _aLos días alcionios /
_cManuel Núñez ; presentación, Justo Pedro Castellano Khouri.
264 4 _aSanto Domingo :
_bUniversidad APEC,
_c©2011.
300 _a748 páginas ;
_c23 cm.
336 _atexto
_btxt
_2rdacontent
337 _asin mediación
_bn
_2rdamedia
338 _avolumen
_bnc
_2rdacarrier
500 _aIncluye índice onomástico.
505 0 _aPresentación /
_rJusto Pedro Castellano Khouri --
_tHoras de estudio --
_tRetratos y perfiles --
_tIdeas pedagógicas --
_gÍndice onomástico.
590 _aInventariado, 2026/BT
650 4 _aEnsayos dominicanos
_965
650 4 _aLiteratura dominicana
_xHistoria y crítica
_9159
650 4 _aAutores dominicanos
_xHistoria y crítica
_922117
700 1 2 _aCastellano Khouri, Justo Pedro,
_epresentación
_920498
910 _aValidado. Control de calidad EMS
942 _2ddc
_cLBS1
999 _c35257
_d35257